00237nam a2200097Ia 4500008004100000100000900041245002800050260003700078942000700115999001700122190216s9999||||xx |||||||||||||| ||und|| aNull 0aHindi-Niroj Shah Mehtha bKerala Sasthra Sahithya Parishad cBK c18037d18037